Normal view
MARC view
- Faiz, Hibba
Entry Personal Name
001 - CONTROL NUMBER
- control field: 119973
003 - CONTROL NUMBER IDENTIFIER
- control field: NUST
005 - DATE AND TIME OF LATEST TRANSACTION
- control field: 20240119154535.0
008 - FIXED-LENGTH DATA ELEMENTS
- fixed length control field: 240119|| aca||aabn | a|a d
040 ## - CATALOGING SOURCE
- Original cataloging agency: NUST
- Transcribing agency: NUST
100 ## - HEADING--PERSONAL NAME
- Personal name: Faiz, Hibba
670 ## - SOURCE DATA FOUND
- Source citation: Work cat.: (NUST): Faiz, Hibba, Relationship Between Perfectionism and Test Anxiety Among University Students with Self-Regulation as a Moderating Variable/
